000 00906nas a2200277 4500
001 BR9201332
003 BR-BrBNA
005 20231205092404.0
007 ta
008 230509b bl.|||p| |||| 00| 00por d
040 _aBR-BrBNA
_bpor
_cBiblioteca Nacional de Agricultura
041 _a(Pt)
072 _aL53
100 1 _aCasagrande, J.F.
100 1 _aAlmeida, C.A.
100 1 _aPinheiro, L.E.L.
100 1 _aFerraz, J.B.S.
245 1 _aInfluencia do numero de espermatozoides, associado com os porcentuais da patologia espermatica classificada segundo Blom (1972)sobre a fertilidade do semen
650 _aTOURO
650 _aSEMEN
650 _aFERTILIDADE ANIMAL
650 _aESPERMATOZOIDE
773 0 _tRevista Brasileira de Reproducao Animal (Brazil)
_xISSN 0102-0803
_g(1980), v. 4(3-4) p. 38-44
_wBR9201332
909 _a202311
_bLúcia
_c55
_dLúcia Elande
942 _2AGRIS
_n0
_cANA
999 _c131357
_d131357